000 00394nam a2200145Ia 4500
008 090124s9999 xx 000 0 und d
082 _b303948
245 _a व्रतस्थ
250 _a1
260 _bदातार प्रदीप दत्तात्रय
_c1999
300 _a233
630 _a व्रतस्थ
730 _a व्रतस्थ
942 _cBOOK
999 _c193585
_d193585